Spezial-Karte von Afrika im Massstab von 1:4000000 (10 Blatt) (Record no. 155040)
[ view plain ]
| 000 -LEADER | |
|---|---|
| campo de control de longitud fija | 00942nem a2200229 i 4500 |
| 001 - NÚMERO DE CONTROL | |
| campo de control | 155040 |
| 003 - IDENTIFICADOR DE NÚMERO DE CONTROL | |
| campo de control | ES-MaACL |
| 005 - FECHA Y HORA DE LA ÚLTIMA TRANSACCIÓN | |
| campo de control | 20260209164147.0 |
| 008 - DATOS DE LONGITUD FIJA--INFORMACIÓN GENERAL | |
| campo de control de longitud fija | 040719s1886 gw a | | | ||ger d |
| 040 ## - FUENTE DE CATALOGACIÓN | |
| Centro catalogador/agencia de origen | CAM |
| Lengua de catalogación | spa |
| Centro/agencia transcriptor | CAM |
| 100 1# - ENTRADA PRINCIPAL--NOMBRE DE PERSONA | |
| Nombre de persona | Habenicht, Hermann. |
| 9 (RLIN) | 127745 |
| 245 10 - MENCIÓN DEL TÍTULO | |
| Título | Spezial-Karte von Afrika im Massstab von 1:4000000 (10 Blatt) |
| Resto del título | : Supplement-lieferung / |
| Mención de responsabilidad, etc. | entworfen von Hermann Habenicht ; bearbeiter von demselben Bruno Domann und Richard Lüddecke. |
| 260 ## - PUBLICACIÓN, DISTRIBUCIÓN, ETC. | |
| Lugar de publicación, distribución, etc. | Gotha : |
| Nombre del editor, distribuidor, etc. | Justus Perthes, |
| Fecha de publicación, distribución, etc. | 1886. |
| 300 ## - DESCRIPCIÓN FÍSICA | |
| Extensión | [2] p., 10, II h. dobles de lám., [34] p. ; |
| Dimensiones | 60 cm. |
| 597 ## - NOTA DE DESCRIPCIÓN FÍSICA | |
| NOTA DE DESCRIPCIÓN FÍSICA | Enc. con el atlas [34] p. de texto a 27 cm. con explicaciones sobre los mapas. |
| 650 #7 - PUNTO DE ACCESO ADICIONAL DE MATERIA--TÉRMINO DE MATERIA | |
| Término de materia o nombre geográfico como elemento de entrada | Atlas |
| Fuente del encabezamiento o término | embne |
| 9 (RLIN) | 10407 |
| 651 #7 - PUNTO DE ACCESO ADICIONAL DE MATERIA--NOMBRE GEOGRÁFICO | |
| Nombre geográfico | África- |
| Subdivisión de forma | Mapas |
| Fuente del encabezamiento o término | |
| 9 (RLIN) | 137013 |
| 700 11 - ENTRADA AGREGADA--NOMBRE PERSONAL | |
| Nombre de persona | Lüddecke, Richard, |
| Término indicativo de función/relación | |
| 9 (RLIN) | 129264 |
| 700 1# - ENTRADA AGREGADA--NOMBRE PERSONAL | |
| Nombre de persona | Domann, Bruno |
| Títulos y otros términos asociados al nombre | , adapt. |
| 9 (RLIN) | 126816 |
| 852 ## - LOCALIZACIÓN | |
| Ubicación | ES-MaACL |
| Número de control de estantería | B-6999 |
| Nota libre | -- Enc. hol. |
| Estatus retirado | Estado de pérdida | Estado de daño | No para préstamo | Biblioteca de origen | Biblioteca actual | Ubicación en estantería | Fecha de adquisición | Fuente de adquisición | Total de préstamos | Signatura topográfica completa | Código de barras | Visto por última vez | Precio de reemplazo | Tipo de ítem Koha |
|---|---|---|---|---|---|---|---|---|---|---|---|---|---|---|
| Biblioteca del Ateneo de Madrid | Biblioteca del Ateneo de Madrid | Sala Pardo Bazán | 17/01/2008 | B-6999 | 1162180 | 23/02/2023 | 23/02/2023 | Mapa |
